El niño Down : mitos y realidades /
Contiene: El impacto de la noticia; La genética y el síndrome de Down; Crecimiento y desarrollo normal; Vigilancia y cuidados generales del niño Down sano; Enfermedades del niño Down; Actividades educativas y recreativas; La sociedad y el niño Down; Tratamiento del niño Down con sustancias o medicam...
Furkejuvvon:
| Váldodahkki: | |
|---|---|
| Materiálatiipa: | Girji |
| Giella: | espánnjágiella |
| Almmustuhtton: |
México :
El Manual Moderno,
2001, c2001
|
| Preanttus: | 2a edición |
| Fáttát: | |
| Fáddágilkorat: |
Eai fáddágilkorat, Lasit vuosttaš fáddágilkora!
|
MARC
| LEADER | 00000nam^a2200000^a^4500 | ||
|---|---|---|---|
| 001 | 000146489 | ||
| 005 | 20250521000000.0 | ||
| 009 | 20260310095911.838 | ||
| 020 | |a 968-426-896-3 | ||
| 037 | |a Acervo ITESO - Biblioteca | ||
| 041 | |a ESP | ||
| 082 | |a 616. 858842 |b JAS | ||
| 100 | |a Jasso Gutiérrez, Luis |e (autor) | ||
| 245 | 1 | 3 | |a El niño Down : |b mitos y realidades / |c L. Jasso Gutiérrez. |
| 250 | |a 2a edición | ||
| 264 | 4 | |a México : |b El Manual Moderno, |c 2001, c2001 | |
| 300 | |a XII, 341 p. | ||
| 336 | |a texto |b txt |2 rdacontenido | ||
| 337 | |a sin mediación |b n |2 rdamedio | ||
| 338 | |a volumen |b nc |2 rdasoporte | ||
| 520 | |a Contiene: El impacto de la noticia; La genética y el síndrome de Down; Crecimiento y desarrollo normal; Vigilancia y cuidados generales del niño Down sano; Enfermedades del niño Down; Actividades educativas y recreativas; La sociedad y el niño Down; Tratamiento del niño Down con sustancias o medicamentos; Los hermanos del niño con síndorme de Down. | ||
| 649 | |a XX | ||
| 650 | |a Niños - |x Condiciones Psicológicas | ||
| 650 | |a Discapacitados - |x Cuidado e Higiene | ||
| 650 | |a Síndrome de Down | ||
| 650 | |a Discapacidades Mentales | ||
| 650 | |a Sintomatología | ||
| 650 | |a Problemas de Aprendizaje | ||
| 650 | |a Educación Especial | ||
| 650 | |a Psicopatología | ||
| 650 | |a Genética Humana | ||
| 650 | |a Medicina | ||
| 910 | |a Fondo General | ||
| 920 | |a Impresos - Libros | ||
| 930 | |a Colección General | ||
| 905 | |a 101 | ||
| 901 | |a 0500076043 |b IT1 |c ACC |u 20250521 | ||
| 902 | |a https://opac.biblio.iteso.mx/vufind/Record/000146489 | ||